000 00495nab a22001457 4500
003 ES-SlBCS
005 20210327224048.0
008 141104s2014 sp ||||| |||| 00| 0 spa d
040 _aES-SlBCS
_bspa
041 _aspa
100 1 _aBachmann, Veronika
_996948
245 1 0 _aEn la pista de un orden sólido. sobre los comienzos de la Escritura apocalíptica en el judaísmo antiguo
_cVeronika Bachmann
773 0 _gNúm. 356, 2014, págs. 29-40
_tConcilium
_wRev134
_x0210-1041
942 _2lcc
_cAR
999 _c457157
_d457157